| 000 | 00627nam a22001697a 4500 | ||
|---|---|---|---|
| 020 | _qHard Cover. | ||
| 082 | _a200 | ||
| 100 | _aKundi, Dur-e-Shahwar | ||
| 245 |
_aEFFICIENT HARDWARE IMPLEMENTATION OF CRYPTOGRAPHIC PRIMITIVES ON FIELD PROGRAMMABLE GATE ARRAY / _bDur-e-Shahwar Kundi, |
||
| 260 |
_aKarachi : _bPNEC - NUST, _c2016. |
||
| 300 |
_axvi, 182 p. : ill. ; _c30,cm. |
||
| 650 |
_aPhD-Electrical Engineering _984162 |
||
| 700 |
_aSupervisor:Dr. Arshad Azaz. _9124426 |
||
| 856 | _u http://10.250.8.41:8080/xmlui/handle/123456789/26518 | ||
| 942 |
_2ddc _cSC |
||
| 999 |
_c535356 _d535356 |
||